| 000 | 00828nmm a2200265 a 4500 | ||
|---|---|---|---|
| 001 | ocm0001520541 | ||
| 003 | TR-IsHL | ||
| 005 | 20201028162908.0 | ||
| 008 | 170122s2016 tu tur | ||
| 007 | cr cn | ||
| 020 | _a9786059579025 | ||
| 035 |
_a1520541 _b(N$T) |
||
| 050 | 0 | 4 |
_aPL248.P44 _bH3 2016 |
| 090 | 0 | 4 |
_aPL248.P44 _bH3 2016 |
| 100 | 1 | _aPehlivan, Esmanur | |
| 245 | 1 | 0 |
_aHayalet Annie _h[electronic resource] / _cEsmanur Pehlivan |
| 260 |
_aİstanbul : _bYalın Yayıncılık, _c2016 |
||
| 300 | _a129 p. | ||
| 650 | 4 | _aDil ve Edebiyat | |
| 650 | 4 | _aLanguage and Literature | |
| 650 | 0 | _aTürk romanı | |
| 650 | 0 | _aTurkish fiction | |
| 650 | 7 |
_aLITERARY COLLECTIONS / Middle Eastern _2bisacsh |
|
| 856 | 4 | 0 | _uhttp://search.ebscohost.com/login.aspx?direct=true&scope=site&db=e011xww&AN=1520541 |
| 999 |
_c15043 _d15043 |
||